000 00641cam a22002293a 4500
001 23813
003 PGUSA
005 20140828083516.0
008 071211s2007||||xxu|||||s|||||000 | eng d
040 _aPGUSA
_beng
042 _adc
050 4 _aRM
100 1 _aClark, Daniel
245 1 2 _aA Newly Discovered System of Electrical Medication
_h[electronic resource] /
_cDaniel Clark
260 _bProject Gutenberg,
_c2007
506 _aPublic domain in the USA.
516 _aElectronic text
653 _aElectrotherapeutics
830 0 _aProject Gutenberg
_v23813
856 4 0 _uhttp://www.gutenberg.org/ebooks/23813
942 _cEB
999 _c253068
_d253068